मेरी भारत यात्रा / (Record no. 208213)
[ view plain ]
| 000 -LEADER | |
|---|---|
| fixed length control field | 00847nam a22001937a 4500 |
| 005 - DATE AND TIME OF LATEST TRANSACTION | |
| control field | 20250108152354.0 |
| 010 ## - LCCN (DPL NO) | |
| LC control number | HIN-129146 |
| 020 ## - INTERNATIONAL STANDARD BOOK NUMBER | |
| International Standard Book Number | 9789395540124 |
| Terms of availability | 400.00 |
| 035 ## - SYSTEM CONTROL NUMBER | |
| System control number | HN-101492 |
| 037 ## - SOURCE OF ACQUISITION | |
| Source of stock number/acquisition | DBAD |
| 082 ## - DEWEY DECIMAL CLASSIFICATION NUMBER | |
| Classification number | 230.91 |
| 100 ## - MAIN ENTRY--PERSONAL NAME | |
| Personal name | श्रीवास्तव, राजेश |
| 245 ## - TITLE STATEMENT | |
| Title | मेरी भारत यात्रा / |
| Statement of responsibility, etc | राजेश श्रीवास्तव |
| 250 ## - EDITION STATEMENT | |
| Edition statement | प्रथम |
| 260 ## - PUBLICATION, DISTRIBUTION, ETC. (IMPRINT) | |
| Place of publication, distribution, etc | दिल्ली |
| Name of publisher, distributor, etc | प्रगतिशील प्रकाशन |
| Date of publication, distribution, etc | 2021 |
| 270 ## - ADDRESS | |
| Address | 16, अंसारी रोड, शान्तिमोहन हाउस, दरियागंज |
| City | नई दिल्ली |
| Postal code | 110002 |
| Telephone number | 9211559886 |
| 300 ## - PHYSICAL DESCRIPTION | |
| Extent | 143 पृ. |
| Dimensions | 22 सेमी (सजिल्द) |
| 942 ## - ADDED ENTRY ELEMENTS (KOHA) | |
| Source of classification or shelving scheme | Dewey Decimal Classification |
| Item type | Hindi Books |
| Classification part | 230.91 |
| Call number suffix | श्रीवास्त |
| Withdrawn status | Lost status | Not for loan | Collection code | Home library | Current library | Date acquired | Source of acquisition | Cost, normal purchase price | Full call number | Barcode | Copy number | Cost, replacement price | Koha item type |
|---|---|---|---|---|---|---|---|---|---|---|---|---|---|
| Non-fiction | Sarojini Nagar | Sarojini Nagar | 08/01/2025 | DBAD | 400.00 | 230.91 श्रीवास्त | HN-101492 | 1 | 400.00 | Hindi Books |
